00530nmm a2200157Ia 4500008004100000020001800041041000800059100003300067245008000100264007900180300001800259650002000277856005100297942000700348999001700355251105s9999||||xx |||||||||||||||||und|| a9789587810868 aspa aEljaiek-Rodríguez, Gabriel 0aSelva de fantasmas: el gótico en la literatura y el cine latinoamericanos a[Bogotá, Colombia] :bEditorial Pontificia Universidad Javeriana, c2017 a224 páginas aArts in general uhttps://public.digitaliapublishing.com/a/56162 cCF c96301d96301